Textile fibre

Bibliographic Details
Main Author: Shrivastava, Ajay
Format: Book
Published: New Delhi : Random Publications , 2015
Subjects:

MARC

LEADER 00000cam a2200000 7i4500
001 0000058893
005 20160118.0
008 160117
020 |a 9789351116462 
090 0 0 |a 681.7677   |b SHR 
100 1 |a Shrivastava, Ajay 
245 1 0 |a Textile fibre   |c Ajay Shrivastava 
260 |a New Delhi :   |b Random Publications ,   |c 2015 
300 |a 299p. ;   |c 24cm. 
500 |a Includes index 
504 |a Includes bibliographical references 
650 0 |a Textile   |x Equipment 
650 0 |a Textile   |x Instrument 
650 0 |a Textile   |x Machinery 
999 |a 0001386765   |b Book   |c REFERENCE   |e Perbadanan Perpustakaan Awam Johor